Design of solar energy based air-conditioning system for climate conditions of Pakistan / (Record no. 601759)
[ view plain ]
| 000 -LEADER | |
|---|---|
| fixed length control field | 00521nam a2200157Ia 4500 |
| 008 - FIXED-LENGTH DATA ELEMENTS--GENERAL INFORMATION | |
| fixed length control field | 230907s9999||||xx |||||||||||||| ||und|| |
| 082 ## - DEWEY DECIMAL CLASSIFICATION NUMBER | |
| Classification number | 697.9395491 |
| Author Mark | ABD |
| 100 ## - MAIN ENTRY--PERSONAL NAME | |
| Personal name | Abdul Samad Farooq (00000119045) |
| 9 (RLIN) | 116361 |
| 245 #0 - TITLE STATEMENT | |
| Title | Design of solar energy based air-conditioning system for climate conditions of Pakistan / |
| 260 ## - PUBLICATION, DISTRIBUTION, ETC. | |
| Place of publication, distribution, etc. | USPCAS-E, NUST, |
| Name of publisher, distributor, etc. | Islamabad : |
| Date of publication, distribution, etc. | 2017 |
| 300 ## - PHYSICAL DESCRIPTION | |
| Extent | xii, 84 p. : |
| 520 ## - SUMMARY, ETC. | |
| Summary, etc. | TH-80 |
| 650 ## - SUBJECT ADDED ENTRY--TOPICAL TERM | |
| Topical term or geographic name entry element | MS-TEE Thesis MS Thesis |
| 9 (RLIN) | 116362 |
| 700 ## - ADDED ENTRY--PERSONAL NAME | |
| Personal name | Dr Muhammad Bilal Sajid |
| 942 ## - ADDED ENTRY ELEMENTS (KOHA) | |
| Koha item type | Thesis |
| Source of classification or shelving scheme | |
| Withdrawn status | Lost status | Source of classification or shelving scheme | Damaged status | Not for loan | Permanent Location | Current Location | Date acquired | Full call number | Barcode | Date last seen | Price effective from | Koha item type |
|---|---|---|---|---|---|---|---|---|---|---|---|---|
| US-Pakistan Center for Advanced Studies in Energy (USPCAS-E) | US-Pakistan Center for Advanced Studies in Energy (USPCAS-E) | 07/26/2019 | 697.9395491 ABD | CAS-ETH0000080 | 09/12/2023 | 09/12/2023 | Thesis |
